Catalog

Record Details

Catalog Search



Red, white & royal blue  Cover Image Book Book

Red, white & royal blue / Casey McQuiston.

McQuiston, Casey,: (author.).

Summary:

First Son Alex Claremont-Diaz is the closest thing to a prince this side of the Atlantic. With his intrepid sister and the Veep’s genius granddaughter, they’re the White House Trio, a beautiful millennial marketing strategy for his mother, President Ellen Claremont. International socialite duties do have downsides—namely, when photos of a confrontation with his longtime nemesis Prince Henry at a royal wedding leak to the tabloids and threaten American/British relations. The plan for damage control: staging a fake friendship between the First Son and the Prince. As President Claremont kicks off her reelection bid, Alex finds himself hurtling into a secret relationship with Henry that could derail the campaign and upend two nations. What is worth the sacrifice? How do you do all the good you can do? And, most importantly, how will history remember you?

Record details

  • ISBN: 1250316774
  • ISBN: 9781250316776
  • ISBN: 9781643854922
  • ISBN: 1643854925
  • Physical Description: 421 pages ; 21 cm
  • Edition: First edition.
  • Publisher: New York : St. Martin's Griffin, 2019.

Content descriptions

Awards Note:
ALA Alex Award (2020),
Goodreads Choice Award for Romance and for Debut Novel (2019),
Bisexual Book Awards for Romance (joint winner) (2019)
Subject: Bisexuals > United States > Fiction.
Bisexual men > United States > Fiction.
Gay men > United States > Fiction.
Coming out (Sexual orientation) > Fiction.
Presidents > United States > Family > Fiction.
Princes > Great Britain > Fiction.
Children of heads of state > Fiction.
Great Britain.
United States.
Genre: Young adult fiction.
Bisexual fiction.
Gay fiction.
Political fiction.
Romance fiction.
Humorous fiction.
Novels.

Available copies

  • 2 of 2 copies available at scottsboropl.

Holds

  • 0 current holds with 2 total copies.
Show Only Available Copies
Location Call Number / Copy Notes Barcode Shelving Location Status Due Date
scottsboropl YA McQ 32269001174419 Storage - Young Adult Available -
scottsboropl YA McQ 32269001284432 Young Adult - Fiction Available -

LDR 04665cam a2200985 i 4500
001156366
003SBPL
00520210811163244.0
008181203t20192019nyu 000 1 eng
010 . ‡a 2018055526
020 . ‡a1250316774 ‡q(trade pbk.)
020 . ‡a9781250316776 ‡q(trade pbk.)
020 . ‡a9781643854922 ‡q(hardback)
020 . ‡a1643854925 ‡q(hardback)
035 . ‡a(OCoLC)1077483608 ‡z(OCoLC)1048936414 ‡z(OCoLC)1091273901 ‡z(OCoLC)1104161568 ‡z(OCoLC)1202005067 ‡z(OCoLC)1202010039
05000. ‡aPS3613.C587545 ‡bR43 2019
08200. ‡a813/.6 ‡223
1001 . ‡aMcQuiston, Casey,: ‡eauthor.
24510. ‡aRed, white & royal blue / ‡cCasey McQuiston.
2463 . ‡aRed, white and royal blue
250 . ‡aFirst edition.
264 1. ‡aNew York : ‡bSt. Martin's Griffin, ‡c2019.
300 . ‡a421 pages ; ‡c21 cm
336 . ‡atext ‡btxt ‡2rdacontent
337 . ‡aunmediated ‡bn ‡2rdamedia
338 . ‡avolume ‡bnc ‡2rdacarrier
520 . ‡aFirst Son Alex Claremont-Diaz is the closest thing to a prince this side of the Atlantic. With his intrepid sister and the Veep’s genius granddaughter, they’re the White House Trio, a beautiful millennial marketing strategy for his mother, President Ellen Claremont. International socialite duties do have downsides—namely, when photos of a confrontation with his longtime nemesis Prince Henry at a royal wedding leak to the tabloids and threaten American/British relations. The plan for damage control: staging a fake friendship between the First Son and the Prince. As President Claremont kicks off her reelection bid, Alex finds himself hurtling into a secret relationship with Henry that could derail the campaign and upend two nations. What is worth the sacrifice? How do you do all the good you can do? And, most importantly, how will history remember you?
586 0. ‡aALA Alex Award (2020),
586 0. ‡aGoodreads Choice Award for Romance and for Debut Novel (2019),
586 0. ‡aBisexual Book Awards for Romance (joint winner) (2019)
650 0. ‡aBisexuals ‡zUnited States ‡vFiction.
650 0. ‡aBisexual men ‡zUnited States ‡vFiction.
650 0. ‡aGay men ‡zUnited States ‡vFiction.
650 0. ‡aComing out (Sexual orientation) ‡vFiction.
650 0. ‡aPresidents ‡zUnited States ‡xFamily ‡vFiction.
650 0. ‡aPrinces ‡zGreat Britain ‡vFiction.
650 0. ‡aChildren of heads of state ‡vFiction.
651 7. ‡aGreat Britain.
651 7. ‡aUnited States.
655 7. ‡aYoung adult fiction.
655 7. ‡aBisexual fiction. ‡2lcgft
655 7. ‡aGay fiction. ‡2lcgft
655 7. ‡aPolitical fiction. ‡2lcgft
655 7. ‡aRomance fiction. ‡2lcgft
655 7. ‡aHumorous fiction. ‡2lcgft
655 7. ‡aNovels. ‡2lcgft
901 . ‡a156366 ‡b ‡c156366 ‡tbiblio

Additional Resources